Score 0/8 Timer 01:00
1 Play Today
% Correct
The Dark Knight
96.8%
Vice
88.3%
American Psycho
85.2%
Ford v Ferrari
58.1%
The Prestige
53.5%
American Hustle
53.1%
The Machinist
51.3%
The Fighter
51.2%

Today's Daily Dose

You're not logged in!

Compare scores with friends on all Sporcle quizzes.
OR
Log In

Sporcle TV

Today on Sporcle TV


Watch our educational content, quiz creation guides, and fun videos on Sporcle TV.

Show Comments

Extras

Top Quizzes Today


Score Distribution

Paid Content

Your Account Isn't Verified!

In order to create a playlist on Sporcle, you need to verify the email address you used during registration. Go to your Sporcle Settings to finish the process.

Report this User

Report this user for behavior that violates our Community Guidelines.

Details: